000 00601nam a2200205Ia 4500
005 20250508151033.0
008 008 250505s9999 xx 000 0 eng d
037 _aTextual
040 _aFEDL
_beng
_cFEDL
041 _aeng
_2eng
084 _a150.1943, SNY
_qFEDL
100 _aSnygg Donald
_986001
245 0 _aIndividual behavior: A new frame of reference for psychology
260 _aNew York, USA
_bHarper and Brothers Publishers
_c1949
300 _aix,386p.
365 _aINR
_b18
650 _aPsychology
942 _cTEXL
_h150.1943, SNY
999 _c1327197
_d1327197